000 00423nam a2200181Ia 4500
001 3873
005 20260306145715.0
008 260306t2007||||xx |||||||||||||| ||spa||
041 _aESP
082 _a304.82
_bA88
100 _aPanfichi, Aldo (ed.)
_eAUT
245 0 _aMigraciones Internacionales
260 _c2007
300 _a318 páginas :
_c24 cm.
650 _aGEN
654 _aCHU
942 _cLIB
_dJUS
_fJUS
_2ddc
_n
999 _c3873
_d3873